[Event "TCh-TUR Super League 2014"]
[Site "Kocaeli TUR"]
[Date "2014.08.27"]
[Round "11.6"]
[Board "1"]
[White "Inarkiev, Ernesto"]
[Black "Yilmaz, Mustafa"]
[Result "1/2-1/2"]
[WhiteTitle "GM"]
[BlackTitle "GM"]
[WhiteElo "2666"]
[BlackElo "2569"]
[WhiteTeam "Denizsu Aquamatch Satranc Genclik VE Spor Kulubu"]
[BlackTeam "Hatay Buyuksehir Belediye Genclik VE Spor Kulubu"]
[WhiteFideId "4162722"]
[BlackFideId "6302718"]
[EventDate "2014.08.18"]

1. e4 c5 2. Nf3 d6 3. d4 cxd4 4. Nxd4 Nf6 5. Nc3 a6 6. Be3 Ng4 7. Bc1 Nf6 8. Be3
Ng4 9. Bg5 h6 10. Bh4 g5 11. Bg3 Bg7 12. Qd2 Nc6 13. Nb3 b5 14. f3 Nge5 15. Bf2
Na5 16. Nxa5 Qxa5 17. Nd5 Qxd2+ 18. Kxd2 Rb8 19. c3 Bb7 20. Ba7 Rc8 21. Bd4 Bxd5
22. exd5 O-O 23. h4 g4 24. Be2 Nc4+ 25. Bxc4 Bxd4 26. Bb3 Be5 27. fxg4 a5 28.
Rh3 b4 29. Re1 Rc5 30. Rf3 bxc3+ 31. bxc3 Rfc8 32. Ree3 Ra8 33. Re4 Rac8 34.
Ree3 Ra8 35. Re4 Rac8 36. c4 Rb8 37. a4 Rb4 38. Rd3 Kg7 39. Rde3 Bf6 40. g3 Be5
41. Kc2 Rb7 42. Rd3 Rb4 43. Kb1 Rb7 44. Ka2 Rb4 45. Ka3 Rb7 46. Re2 e6 47. dxe6
fxe6 48. Rf3 Rf7 49. Ref2 Rcc7 50. c5 Rxf3 51. Rxf3 Rxc5 52. Bxe6 Rc3+ 53. Rxc3
Bxc3 54. g5 1/2-1/2

[Event "TCh-TUR Super League 2014"]
[Site "Kocaeli TUR"]
[Date "2014.08.27"]
[Round "11.6"]
[Board "2"]
[White "Amonatov, Farrukh"]
[Black "Eljanov, Pavel"]
[Result "1-0"]
[WhiteTitle "GM"]
[BlackTitle "GM"]
[WhiteElo "2590"]
[BlackElo "2723"]
[WhiteTeam "Hatay Buyuksehir Belediye Genclik VE Spor Kulubu"]
[BlackTeam "Denizsu Aquamatch Satranc Genclik VE Spor Kulubu"]
[WhiteFideId "14700077"]
[BlackFideId "14102951"]
[EventDate "2014.08.18"]

1. e4 e5 2. Nf3 Nc6 3. Bb5 a6 4. Ba4 Nf6 5. O-O Be7 6. Re1 b5 7. Bb3 d6 8. c3
O-O 9. h3 Nb8 10. d4 Nbd7 11. Nbd2 Bb7 12. Bc2 Re8 13. Nf1 Bf8 14. Ng3 g6 15. a4
c5 16. d5 c4 17. Bg5 Be7 18. Qd2 Nc5 19. Bh6 Nfd7 20. Rf1 Nxa4 21. Bxa4 bxa4 22.
Rxa4 a5 23. Be3 Ba6 24. Nh2 Bb5 25. Ra2 h5 26. Nf3 Qc7 27. Re1 a4 28. Ng5 Nc5
29. Bxc5 Qxc5 30. Ne6 Qa7 31. Qh6 Bf6 32. Ng5 Bxg5 33. Qxg5 Qe7 34. Qh6 Qf8 35.
Qe3 Rab8 36. Nf1 Rb7 37. Nd2 Kh7 38. f4 Qh6 39. fxe5 Qxe3+ 40. Rxe3 Rxe5 41. Kf2
Kg7 42. Nf3 Re8 43. Nd4 Bd7 44. Re2 f5 45. exf5 Rxe2+ 46. Kxe2 gxf5 47. Ke3 Kf6
48. Nc6 Be8 49. Rxa4 Rxb2 50. Ra8 Bg6 51. Rd8 Rxg2 52. Rxd6+ Kg5 53. Kf3 Rg1 54.
Ne5 Bh7 55. Re6 f4 56. d6 Kf5 57. Re8 Rg3+ 58. Kf2 Rxh3 59. Nf3 Kg4 60. Nd4 f3
61. Rf8 Rh2+ 62. Ke3 1-0

[Event "TCh-TUR Super League 2014"]
[Site "Kocaeli TUR"]
[Date "2014.08.27"]
[Round "11.6"]
[Board "3"]
[White "Esen, Baris"]
[Black "Kazhgaleyev, Murtas"]
[Result "0-1"]
[WhiteTitle "GM"]
[BlackTitle "GM"]
[WhiteElo "2589"]
[BlackElo "2563"]
[WhiteTeam "Denizsu Aquamatch Satranc Genclik VE Spor Kulubu"]
[BlackTeam "Hatay Buyuksehir Belediye Genclik VE Spor Kulubu"]
[WhiteFideId "6302114"]
[BlackFideId "13700316"]
[EventDate "2014.08.18"]

1. Nf3 Nf6 2. c4 b6 3. d4 e6 4. a3 Bb7 5. Nc3 g6 6. Qc2 Bxf3 7. gxf3 Nc6 8. d5
Nd4 9. Qd1 c5 10. Bg5 h6 11. Bh4 Bg7 12. Bh3 Nf5 13. Bxf5 exf5 14. e3 O-O 15.
Qd3 a6 16. a4 b5 17. axb5 axb5 18. Rxa8 Qxa8 19. Nxb5 g5 20. O-O gxh4 21. Kh1
Qa2 22. b3 f4 23. exf4 Re8 24. Kg2 Qe2 25. Qf5 Re3 26. Qh3 Nh5 27. Qg4 Rxf3 28.
Qxf3 h3+ 0-1

[Event "TCh-TUR Super League 2014"]
[Site "Kocaeli TUR"]
[Date "2014.08.27"]
[Round "11.6"]
[Board "4"]
[White "Ali Marandi, Cemil Can"]
[Black "Firat, Burak"]
[Result "1/2-1/2"]
[WhiteTitle "IM"]
[BlackTitle "IM"]
[WhiteElo "2397"]
[BlackElo "2456"]
[WhiteTeam "Hatay Buyuksehir Belediye Genclik VE Spor Kulubu"]
[BlackTeam "Denizsu Aquamatch Satranc Genclik VE Spor Kulubu"]
[WhiteFideId "6300529"]
[BlackFideId "6305881"]
[EventDate "2014.08.18"]

1. e4 c5 2. Nf3 e6 3. c3 d5 4. exd5 Qxd5 5. d4 Nf6 6. Na3 a6 7. Nc4 Nbd7 8. Ne3
Qc6 9. Be2 Be7 10. O-O O-O 11. c4 cxd4 12. Nxd4 Qc7 13. b3 b6 14. Bf3 Bb7 15.
Bxb7 Qxb7 16. Bb2 Rfd8 17. Qe2 Nc5 18. Rad1 Rd7 19. Nf3 Rad8 20. Ne5 Rxd1 21.
Rxd1 Rxd1+ 22. Qxd1 a5 1/2-1/2

[Event "TCh-TUR Super League 2014"]
[Site "Kocaeli TUR"]
[Date "2014.08.27"]
[Round "11.6"]
[Board "5"]
[White "Secer, Ata"]
[Black "Gulbas, Cemil"]
[Result "1/2-1/2"]
[WhiteTitle "FM"]
[BlackTitle "IM"]
[WhiteElo "2319"]
[BlackElo "2365"]
[WhiteTeam "Denizsu Aquamatch Satranc Genclik VE Spor Kulubu"]
[BlackTeam "Hatay Buyuksehir Belediye Genclik VE Spor Kulubu"]
[WhiteFideId "6303293"]
[BlackFideId "201820"]
[EventDate "2014.08.18"]

1. e4 c5 2. Nf3 e6 3. d4 cxd4 4. Nxd4 Nc6 5. Nc3 Qc7 6. Be3 a6 7. Qd2 Nf6 8. f4
Bb4 9. Bd3 Na5 10. a3 Bxc3 11. Qxc3 Qxc3+ 12. bxc3 d5 13. e5 Ne4 14. Nb3 Nxb3
15. cxb3 Bd7 16. Bxe4 dxe4 17. Rd1 Bc6 18. Bc5 Rc8 19. Bb6 f5 20. h4 Kf7 21. Ke2
h6 22. Be3 b5 23. Rd6 Bd5 24. Rd7+ Ke8 25. Rxg7 Rxc3 26. Rc1 Rxc1 27. Bxc1 Bxb3
28. Ra7 Bd5 29. Be3 h5 30. Rxa6 1/2-1/2

[Event "TCh-TUR Super League 2014"]
[Site "Kocaeli TUR"]
[Date "2014.08.27"]
[Round "11.6"]
[Board "6"]
[White "Batsiashvili, Nino"]
[Black "Dzagnidze, Nana"]
[Result "1/2-1/2"]
[WhiteTitle "IM"]
[BlackTitle "GM"]
[WhiteElo "2435"]
[BlackElo "2550"]
[WhiteTeam "Hatay Buyuksehir Belediye Genclik VE Spor Kulubu"]
[BlackTeam "Denizsu Aquamatch Satranc Genclik VE Spor Kulubu"]
[WhiteFideId "13602993"]
[BlackFideId "13601903"]
[EventDate "2014.08.18"]

1. d4 Nf6 2. c4 e6 3. Nc3 Bb4 4. Qc2 O-O 5. a3 Bxc3+ 6. Qxc3 b6 7. Bg5 Bb7 8. e3
d6 9. Ne2 Nbd7 10. Qc2 Qc8 11. f3 c5 12. Rd1 Re8 13. Qd2 d5 14. cxd5 exd5 15.
Nc3 Bc6 16. Kf2 c4 17. g4 b5 18. h4 a5 19. Bh3 b4 20. Ne2 Qb7 21. h5 Ra6 22. Bf4
Nf8 23. Bg2 Ne6 24. Bg3 h6 25. Ra1 Rea8 26. Bh4 Ne8 27. Ng3 Rb6 28. axb4 Rxb4
29. Ra2 Rb8 30. Rb1 a4 31. Ne2 Rb3 32. Bg3 Ra8 33. Rba1 Ra6 34. Rc1 Rd3 35. Qc2
Rb3 36. Qd2 Rd3 37. Qc2 Qe7 38. Rd1 Rb3 39. Qc1 Rab6 40. Nc3 N8c7 41. Rd2 Na6
42. Bf1 Nec7 43. Bf4 Ne6 44. Bg3 Nec7 45. Bf4 Ne6 1/2-1/2

[Event "TCh-TUR Super League 2014"]
[Site "Kocaeli TUR"]
[Date "2014.08.27"]
[Round "11.6"]
[Board "7"]
[White "Tuncer, Tuna"]
[Black "Buyukasik, Diyap"]
[Result "1/2-1/2"]
[WhiteElo "1996"]
[BlackElo "2165"]
[WhiteTeam "Denizsu Aquamatch Satranc Genclik VE Spor Kulubu"]
[BlackTeam "Hatay Buyuksehir Belediye Genclik VE Spor Kulubu"]
[WhiteFideId "6349269"]
[BlackFideId "6319602"]
[EventDate "2014.08.18"]

1. e4 c5 2. Nf3 d6 3. d4 cxd4 4. Nxd4 Nf6 5. Nc3 a6 6. Bg5 Nbd7 7. f4 Qc7 8. Qe2
e5 9. Nf5 h6 10. Bxf6 Nxf6 11. fxe5 dxe5 12. O-O-O Bxf5 13. exf5 Bd6 14. Ne4 Be7
15. Nxf6+ Bxf6 16. Qe4 O-O 17. Bc4 Rad8 18. Rd5 b5 19. Bb3 Rxd5 20. Bxd5 Qc5 21.
Rd1 Rd8 22. Kb1 a5 23. a3 b4 24. a4 Kh8 25. Ka2 Qf2 26. Kb3 Qc5 1/2-1/2

[Event "TCh-TUR Super League 2014"]
[Site "Kocaeli TUR"]
[Date "2014.08.27"]
[Round "11.6"]
[Board "8"]
[White "Abdimanoglu, Beste Basak"]
[Black "Patel, Yesim"]
[Result "0-1"]
[BlackTitle "WCM"]
[WhiteElo "1872"]
[BlackElo "1882"]
[WhiteTeam "Hatay Buyuksehir Belediye Genclik VE Spor Kulubu"]
[BlackTeam "Denizsu Aquamatch Satranc Genclik VE Spor Kulubu"]
[WhiteFideId "6300286"]
[BlackFideId "6300200"]
[EventDate "2014.08.18"]

1. d4 Nf6 2. Bg5 d5 3. Bxf6 exf6 4. e3 Bd6 5. g3 c6 6. Bg2 Nd7 7. Ne2 f5 8. Nd2
Nf6 9. c4 dxc4 10. Nxc4 Bb4+ 11. Nc3 O-O 12. O-O Be6 13. Ne5 Qa5 14. Qc2 Rfd8
15. Bxc6 bxc6 16. Nxc6 Qb6 17. Nxd8 Rxd8 18. Rac1 Bxc3 19. bxc3 Rc8 20. Rb1 Qc6
21. Rfc1 g6 22. Qb2 Qf3 23. Qb7 Bd5 24. Qxc8+ Kg7 25. Kf1 Ng4 26. Rb2 Qg2+ 27.
Ke1 Qg1+ 28. Kd2 Qxf2+ 29. Kd3 Qxb2 30. Rf1 Be4+ 0-1

[Event "TCh-TUR Super League 2014"]
[Site "Kocaeli TUR"]
[Date "2014.08.27"]
[Round "11.6"]
[Board "9"]
[White "Ozen, Deniz"]
[Black "Temizkan, Denizcan"]
[Result "1-0"]
[WhiteTitle "FM"]
[BlackTitle "CM"]
[WhiteElo "1996"]
[BlackElo "1972"]
[WhiteTeam "Denizsu Aquamatch Satranc Genclik VE Spor Kulubu"]
[BlackTeam "Hatay Buyuksehir Belediye Genclik VE Spor Kulubu"]
[WhiteFideId "6349196"]
[BlackFideId "6325157"]
[EventDate "2014.08.18"]

1. e4 e5 2. Nf3 Nc6 3. Bb5 a6 4. Ba4 Nf6 5. d3 d6 6. c3 b5 7. Bb3 Be7 8. O-O O-O
9. Re1 Na5 10. Bc2 c5 11. Nbd2 Nc6 12. Nf1 Re8 13. Ng3 Bf8 14. h3 h6 15. d4 cxd4
16. cxd4 d5 17. dxe5 Nxe5 18. Nxe5 Rxe5 19. Bf4 Re8 20. e5 Bb4 21. Re3 Nh7 22.
Nh5 Be7 23. Qd3 Nf8 24. Rg3 g5 25. h4 Ng6 26. hxg5 hxg5 27. e6 1-0

[Event "TCh-TUR Super League 2014"]
[Site "Kocaeli TUR"]
[Date "2014.08.27"]
[Round "11.6"]
[Board "10"]
[White "Keskin, Suara"]
[Black "Vatansever, Buse"]
[Result "1-0"]
[WhiteElo "1674"]
[BlackElo "1686"]
[WhiteTeam "Hatay Buyuksehir Belediye Genclik VE Spor Kulubu"]
[BlackTeam "Denizsu Aquamatch Satranc Genclik VE Spor Kulubu"]
[WhiteFideId "6332650"]
[BlackFideId "6324746"]
[EventDate "2014.08.18"]

1. e4 c6 2. Ne2 d5 3. e5 Bf5 4. d4 e6 5. Ng3 Bg6 6. h4 h6 7. h5 Bh7 8. Bd3 Bxd3
9. Qxd3 Qb6 10. c3 c5 11. Nd2 Nc6 12. Nf3 cxd4 13. cxd4 Nb4 14. Qb3 Qa6 15. Ne2
Nd3+ 16. Kf1 Bb4 17. Bd2 Bxd2 18. Nxd2 Rc8 19. a4 Rc6 20. g3 Ne7 21. Ra3 Nc1 22.
Qb5 Nxe2 23. Kxe2 O-O 24. Qxa6 bxa6 25. Rc3 Rb6 26. b3 Nf5 27. Kd3 Rb4 28. Nf3
Rfb8 29. g4 Ne7 30. Nd2 R8b6 31. Rhc1 Kf8 32. Rc7 Rb7 33. R1c5 Ke8 34. Kc3 Kd8
35. Rxb7 Rxb7 36. b4 Nc8 37. Nb3 Rb6 38. a5 Rb7 39. Rc6 Ne7 40. Rxa6 Rc7+ 41.
Nc5 Nc6 42. f4 Kc8 43. b5 Nb8 44. Rd6 a6 45. Kb4 axb5 46. Kxb5 Ra7 47. Kb6 1-0

[Event "TCh-TUR Super League 2014"]
[Site "Kocaeli TUR"]
[Date "2014.08.28"]
[Round "12.1"]
[Board "2"]
[White "Esen, Baris"]
[Black "Benidze, Davit"]
[Result "1/2-1/2"]
[WhiteTitle "GM"]
[BlackTitle "GM"]
[WhiteElo "2589"]
[BlackElo "2458"]
[WhiteTeam "Denizsu Aquamatch Satranc Genclik VE Spor Kulubu"]
[BlackTeam "Kahramanmaras Buyuksehir Belediyesi Spor Kulubu"]
[WhiteFideId "6302114"]
[BlackFideId "13603086"]
[EventDate "2014.08.18"]

1. d4 Nf6 2. Nf3 g6 3. c4 c6 4. Nc3 d5 5. cxd5 cxd5 6. Bf4 Bg7 7. e3 O-O 8. Bd3
Nc6 9. h3 Bf5 10. Bxf5 gxf5 11. Qb3 b6 12. O-O Na5 13. Qb4 Rc8 14. Rac1 Ne4 15.
Nxe4 fxe4 16. Nd2 Qd7 17. f3 f5 18. Bg3 e6 19. Qd6 Qxd6 20. Bxd6 Rfd8 21. Bc7
Re8 22. b3 Bh6 23. Kf2 Bf8 24. Nb1 Nb7 25. g4 fxg4 26. fxg4 Bd6 27. Bxd6 Nxd6
28. Kg2 1/2-1/2

[Event "TCh-TUR Super League 2014"]
[Site "Kocaeli TUR"]
[Date "2014.08.28"]
[Round "12.1"]
[Board "3"]
[White "Dastan, Muhammed Batuhan"]
[Black "Citak, Selim"]
[Result "1-0"]
[WhiteTitle "IM"]
[BlackTitle "FM"]
[WhiteElo "2432"]
[BlackElo "2340"]
[WhiteTeam "Kahramanmaras Buyuksehir Belediyesi Spor Kulubu"]
[BlackTeam "Denizsu Aquamatch Satranc Genclik VE Spor Kulubu"]
[WhiteFideId "6300014"]
[BlackFideId "6301819"]
[EventDate "2014.08.18"]

1. Nf3 d5 2. g3 Nf6 3. Bg2 Bg4 4. O-O e6 5. c4 c6 6. d3 Nbd7 7. cxd5 exd5 8. Nc3
Be7 9. e4 O-O 10. Qc2 Nc5 11. h3 dxe4 12. dxe4 Bxf3 13. Bxf3 Qd3 14. Qxd3 Nxd3
15. Be3 Bc5 16. Rad1 Rfd8 17. Bxc5 Nxc5 18. Bg2 Re8 19. Rd4 Ne6 20. Rb4 Nc5 21.
Rc4 Nd3 22. f4 Rad8 23. e5 Nd7 24. Ne4 Nb6 25. Rc2 Nb4 26. Re2 Kf8 27. a3 Nd3
28. Bf3 Nc4 29. Rb1 Rd4 30. a4 f5 31. exf6 gxf6 32. Nxf6 Rxe2 33. Bxe2 Nd2 34.
Ra1 h6 35. Ra3 Nxb2 36. Re3 Kf7 37. Ng4 Rd6 38. Ne5+ Kf6 39. Bh5 Kg7 40. Ng4 Rd7
41. f5 Ndc4 42. f6+ Kh7 43. Re7+ Rxe7 44. fxe7 Nd6 45. Nf6+ Kg7 46. Ne4 Nbc4 47.
Nxd6 Nxd6 48. e8=Q Nxe8 49. Bxe8 a5 50. Kf2 Kf6 51. Ke3 Kg5 52. Bd7 1-0

[Event "TCh-TUR Super League 2014"]
[Site "Kocaeli TUR"]
[Date "2014.08.28"]
[Round "12.1"]
[Board "4"]
[White "Secer, Ata"]
[Black "Isik, Engin Yasar"]
[Result "0-1"]
[WhiteTitle "FM"]
[WhiteElo "2319"]
[BlackElo "2232"]
[WhiteTeam "Denizsu Aquamatch Satranc Genclik VE Spor Kulubu"]
[BlackTeam "Kahramanmaras Buyuksehir Belediyesi Spor Kulubu"]
[WhiteFideId "6303293"]
[BlackFideId "6301886"]
[EventDate "2014.08.18"]

1. e4 c5 2. Nf3 Nc6 3. d4 cxd4 4. Nxd4 e5 5. Nb5 d6 6. N1c3 a6 7. Na3 b5 8. Nd5
Nge7 9. Bg5 f6 10. Qh5+ g6 11. Nxf6+ Kf7 12. Qh4 h6 13. Nd5 hxg5 14. Qxh8 Qa5+
15. c3 Bg7 16. Qh7 Be6 17. Nxe7 Nxe7 18. Nc2 Rh8 19. Qxh8 Bxh8 20. Be2 Bf6 21.
h3 d5 22. exd5 Nxd5 23. O-O Qb6 24. Bg4 Bf5 25. Rac1 Nf4 26. Ne3 Bxg4 27. hxg4
Ne2+ 28. Kh2 Qd8 29. g3 Nxc1 30. Rxc1 Qd2 31. Rc2 Qe1 32. c4 bxc4 33. Nxc4 Be7
34. Ne3 Bc5 35. Nc4 Ke6 0-1

[Event "TCh-TUR Super League 2014"]
[Site "Kocaeli TUR"]
[Date "2014.08.28"]
[Round "12.1"]
[Board "5"]
[White "Erden, Kadir"]
[Black "Kazdagli, Benan"]
[Result "1-0"]
[WhiteElo "2220"]
[BlackElo "1935"]
[WhiteTeam "Kahramanmaras Buyuksehir Belediyesi Spor Kulubu"]
[BlackTeam "Denizsu Aquamatch Satranc Genclik VE Spor Kulubu"]
[WhiteFideId "6305776"]
[BlackFideId "6309925"]
[EventDate "2014.08.18"]

1. e4 e5 2. Nf3 Nc6 3. Bb5 a6 4. Ba4 Nf6 5. O-O Be7 6. Re1 b5 7. Bb3 O-O 8. a3
d6 9. h3 Na5 10. Ba2 c5 11. d3 Qc7 12. Bg5 Ne8 13. Bd2 Nf6 14. Nc3 c4 15. Rc1
Be6 16. Ng5 Rac8 17. b4 Nb7 18. Be3 h6 19. Nxe6 fxe6 20. d4 Qc6 21. d5 Qd7 22.
dxe6 Qxe6 23. Nd5 Nxe4 24. Nxe7+ Qxe7 25. Qd5+ Qf7 26. Qxe4 a5 27. c3 Rfe8 28.
Bb1 1-0

[Event "TCh-TUR Super League 2014"]
[Site "Kocaeli TUR"]
[Date "2014.08.28"]
[Round "12.1"]
[Board "6"]
[White "Dzagnidze, Nana"]
[Black "Isgandarova, Khayala"]
[Result "1-0"]
[WhiteTitle "GM"]
[BlackTitle "WIM"]
[WhiteElo "2550"]
[BlackElo "2190"]
[WhiteTeam "Denizsu Aquamatch Satranc Genclik VE Spor Kulubu"]
[BlackTeam "Kahramanmaras Buyuksehir Belediyesi Spor Kulubu"]
[WhiteFideId "13601903"]
[BlackFideId "13401823"]
[EventDate "2014.08.18"]

1. d4 Nf6 2. Bg5 e6 3. e4 h6 4. Bxf6 Qxf6 5. c3 d5 6. Nd2 e5 7. exd5 exd4 8.
Qa4+ Bd7 9. Qxd4 Qxd4 10. cxd4 Bd6 11. Ne4 Bb4+ 12. Nc3 c6 13. Bc4 O-O 14. Ne2
cxd5 15. Bxd5 Bc6 16. O-O-O Rd8 17. Bxc6 Nxc6 18. d5 Ne5 19. h3 Rac8 20. Kb1 a6
21. Ne4 Nc4 22. g4 Re8 23. N2g3 Nd6 24. Rd4 Nxe4 25. Nxe4 Bc5 26. Rc4 Bf8 27.
Rxc8 Rxc8 28. Rc1 Rd8 29. Rd1 g6 30. h4 f5 31. gxf5 gxf5 32. Ng3 f4 33. Ne4 Kf7
34. f3 Bd6 35. Kc2 Be5 36. Kb3 b6 37. a4 Kg6 38. Rd2 Kf5 39. Kb4 Rc8 40. a5 Rb8
41. d6 Ke6 42. d7 Ke7 43. axb6 Rxb6+ 44. Ka5 1-0

[Event "TCh-TUR Super League 2014"]
[Site "Kocaeli TUR"]
[Date "2014.08.28"]
[Round "12.1"]
[Board "7"]
[White "Javakhadze, Zurab"]
[Black "Firat, Burak"]
[Result "1/2-1/2"]
[WhiteTitle "IM"]
[BlackTitle "IM"]
[WhiteElo "2423"]
[BlackElo "2456"]
[WhiteTeam "Kahramanmaras Buyuksehir Belediyesi Spor Kulubu"]
[BlackTeam "Denizsu Aquamatch Satranc Genclik VE Spor Kulubu"]
[WhiteFideId "13603647"]
[BlackFideId "6305881"]
[EventDate "2014.08.18"]

1. g3 d5 2. Nf3 Nf6 3. Bg2 g6 4. O-O Bg7 5. d3 O-O 6. Nc3 c5 7. a3 Nc6 8. Bd2 b6
9. Rb1 Bb7 10. b4 d4 11. Na4 cxb4 12. axb4 Nd5 13. b5 Na5 14. e4 Nc3 15. Nxc3
dxc3 16. Be3 Qd7 17. Qc1 Rac8 18. h4 f5 19. Ng5 e6 20. Rb4 Rfe8 21. Re1 h6 22.
Nh3 Kh7 23. Qa1 fxe4 24. Bxe4 Bxe4 25. Rxe4 Qxb5 26. Nf4 e5 27. Ne2 Qc6 28. Bc1
Nb7 29. Rc4 Qf3 30. Rxc8 Rxc8 31. Qxa7 b5 32. Be3 Nd6 33. Qd7 Rc6 34. Kh2 Ra6
35. Nxc3 Qc6 36. Qxc6 Rxc6 37. Bd2 b4 38. Nd1 Rxc2 39. Bxb4 Nf5 40. Kg2 Ra2 41.
Ne3 Nxe3+ 42. Rxe3 Kg8 43. Bd6 Rd2 44. Kf1 e4 45. Rxe4 Rxd3 46. Bc5 Rd7 47. Ke2
h5 48. Be3 Bf6 49. f4 Kf7 50. Kf3 Rb7 51. Ra4 Rc7 52. Ra5 Rb7 53. g4 hxg4+ 54.
Kxg4 Re7 55. Bc5 Rc7 56. Bd6 Rc4 57. h5 gxh5+ 58. Rxh5 1/2-1/2

[Event "TCh-TUR Super League 2014"]
[Site "Kocaeli TUR"]
[Date "2014.08.28"]
[Round "12.1"]
[Board "8"]
[White "Bulmaga, Irina"]
[Black "Cemhan, Kardelen"]
[Result "1-0"]
[WhiteTitle "IM"]
[BlackTitle "WCM"]
[WhiteElo "2354"]
[BlackElo "2019"]
[WhiteTeam "Denizsu Aquamatch Satranc Genclik VE Spor Kulubu"]
[BlackTeam "Kahramanmaras Buyuksehir Belediyesi Spor Kulubu"]
[WhiteFideId "13903063"]
[BlackFideId "6325670"]
[EventDate "2014.08.18"]

1. e4 e5 2. Nf3 Nc6 3. Bb5 a6 4. Ba4 Nge7 5. O-O g6 6. c3 Bg7 7. d4 exd4 8. cxd4
b5 9. Bc2 O-O 10. d5 Na5 11. Bd2 Bxb2 12. Bxa5 Bxa1 13. Nc3 Bxc3 14. Bxc3 d6 15.
Bf6 h5 16. Qd2 Kh7 17. Qg5 Qd7 18. Bxe7 f6 19. Bxf6 Qg4 20. Be7 Rf7 21. Qxg4
Bxg4 22. Ng5+ Kg7 23. Nxf7 Kxf7 24. f3 Kxe7 25. fxg4 hxg4 26. Rf4 1-0

[Event "TCh-TUR Super League 2014"]
[Site "Kocaeli TUR"]
[Date "2014.08.28"]
[Round "12.1"]
[Board "9"]
[White "Yaran, Siar"]
[Black "Ozen, Deniz"]
[Result "1/2-1/2"]
[WhiteTitle "CM"]
[BlackTitle "FM"]
[WhiteElo "2041"]
[BlackElo "1996"]
[WhiteTeam "Kahramanmaras Buyuksehir Belediyesi Spor Kulubu"]
[BlackTeam "Denizsu Aquamatch Satranc Genclik VE Spor Kulubu"]
[WhiteFideId "6323006"]
[BlackFideId "6349196"]
[EventDate "2014.08.18"]

1. b3 Nf6 2. Bb2 d5 3. e3 c5 4. f4 g6 5. Nf3 Bg7 6. Bb5+ Bd7 7. Bxd7+ Nbxd7 8.
O-O O-O 9. d3 Qc7 10. Qe1 Ne8 11. Bxg7 Nxg7 12. Nc3 Nf6 13. e4 d4 14. e5 dxc3
15. exf6 exf6 16. Qxc3 Qd6 17. Rae1 Rfe8 18. d4 cxd4 19. Qxd4 Qxd4+ 20. Nxd4 Ne6
21. Nxe6 fxe6 22. Rd1 Rad8 23. Kf2 Kf7 24. Ke2 Ke7 25. Rf3 Rxd1 26. Kxd1 e5 27.
fxe5 fxe5 28. Rh3 h5 29. Rg3 Kf6 30. Rc3 Re7 31. Ke2 g5 32. Rc8 Rd7 33. Ra8 a6
34. Rf8+ Ke6 35. c4 e4 36. Re8+ Kf5 37. c5 Rd3 38. Rc8 Rc3 39. Kd2 Rd3+ 40. Ke2
Rc3 41. Kd2 Rd3+ 42. Ke2 Rc3 1/2-1/2

[Event "TCh-TUR Super League 2014"]
[Site "Kocaeli TUR"]
[Date "2014.08.28"]
[Round "12.1"]
[Board "10"]
[White "Celik, Eda"]
[Black "Dogan, Sevval"]
[Result "0-1"]
[WhiteElo "1498"]
[BlackElo "1651"]
[WhiteTeam "Denizsu Aquamatch Satranc Genclik VE Spor Kulubu"]
[BlackTeam "Kahramanmaras Buyuksehir Belediyesi Spor Kulubu"]
[WhiteFideId "6351727"]
[BlackFideId "6322565"]
[EventDate "2014.08.18"]

1. e4 c5 2. Nf3 Nc6 3. Bb5 Qb6 4. Bxc6 Qxc6 5. Nc3 b5 6. d3 b4 7. Ne2 d6 8. h3
e6 9. O-O Ne7 10. Be3 Bb7 11. c3 bxc3 12. bxc3 Ng6 13. Ng3 Be7 14. Nh2 d5 15.
exd5 Qxd5 16. Qa4+ Bc6 17. Qe4 Qd6 18. Qg4 O-O 19. Qe2 Bf6 20. d4 cxd4 21. cxd4
Qd5 22. Qf3 Qxf3 23. Nxf3 Bxf3 24. gxf3 Nh4 25. Ne4 Nxf3+ 26. Kg2 Nh4+ 27. Kh1
Be7 28. Rg1 Nf5 29. Rab1 Rfd8 30. Rb7 Kf8 31. Rd1 a5 32. a4 Rac8 33. Ra7 Rd5 34.
Ng5 h6 35. Nf3 Bb4 36. Ne5 Rc3 37. Rxf7+ Kg8 38. Bd2 Rxd4 39. Kg2 Rc2 40. Rc1
Rdxd2 41. Rxc2 Rxc2 42. Rd7 Rd2 43. Rb7 Bc5 0-1

[Event "TCh-TUR Super League 2014"]
[Site "Kocaeli TUR"]
[Date "2014.08.28"]
[Round "12.2"]
[Board "1"]
[White "Grachev, Boris"]
[Black "Cheparinov, Ivan"]
[Result "1/2-1/2"]
[WhiteTitle "GM"]
[BlackTitle "GM"]
[WhiteElo "2672"]
[BlackElo "2681"]
[WhiteTeam "Akdeniz Belediyesi Spor Kulubu"]
[BlackTeam "Turk Hava Yollari Spor Kulubu"]
[WhiteFideId "4129199"]
[BlackFideId "2905540"]
[EventDate "2014.08.18"]

1. d4 Nf6 2. c4 g6 3. Nf3 Bg7 4. g3 c6 5. Bg2 d5 6. cxd5 cxd5 7. O-O O-O 8. Ne5
Bf5 9. Nc3 Ne4 10. Bf4 Nxc3 11. bxc3 Nc6 12. Qb3 e6 13. Nxc6 bxc6 14. Qa3 Re8
15. Bd6 e5 16. dxe5 Bxe5 17. Bxe5 1/2-1/2

[Event "TCh-TUR Super League 2014"]
[Site "Kocaeli TUR"]
[Date "2014.08.28"]
[Round "12.2"]
[Board "2"]
[White "Heberla, Bartlomiej"]
[Black "Filippov, Anton UZB"]
[Result "1-0"]
[WhiteTitle "GM"]
[BlackTitle "GM"]
[WhiteElo "2574"]
[BlackElo "2615"]
[WhiteTeam "Turk Hava Yollari Spor Kulubu"]
[BlackTeam "Akdeniz Belediyesi Spor Kulubu"]
[WhiteFideId "1115120"]
[BlackFideId "14200988"]
[EventDate "2014.08.18"]

1. c4 e6 2. Nc3 d5 3. d4 c6 4. Nf3 Nf6 5. Bg5 dxc4 6. a4 Bb4 7. e4 b5 8. axb5
cxb5 9. e5 h6 10. Bh4 g5 11. Nxg5 hxg5 12. Bxg5 Nbd7 13. Qf3 Rb8 14. exf6 Nb6
15. Qg3 Qxd4 16. Rd1 Qe4+ 17. Be2 Rb7 18. O-O Bxc3 19. Bf3 Be5 20. Bxe4 Bxg3 21.
fxg3 Nd5 22. Rfe1 Kd7 23. Bxd5 exd5 24. Rxd5+ Kc6 25. Ree5 Be6 26. Rc5+ Kd7 27.
Bf4 b4 28. Re1 Rd8 29. h4 c3 30. b3 Ke8 31. h5 Rbd7 32. h6 Rd1 33. h7 Rxe1+ 34.
Kh2 1-0